000 00291nam a2200121 a 4500
001 4140
005 20140414131934.0
008 090218s19uu xx 00 eng d
050 _aREF 591.20
_bSt9 1990
100 _aStuart, Gene S.
245 _aOur amazing animal friends.
999 _c112380
_d112380